[Event "London Classic op 10th"]
[Site "London"]
[Date "2018.12.09"]
[Round "1"]
[White "Islam, Mohammed"]
[Black "Keetman, Maaike"]
[Result "0-1"]
[WhiteElo "1725"]
[BlackElo "2173"]
[PlyCount "56"]
[EventDate "2018.12.09"]
[EventType "swiss"]
[EventRounds "9"]
[EventCountry "ENG"]
[SourceTitle "CBM 187 Extra"]
[Source "ChessBase"]
[SourceDate "2018.11.04"]
[SourceVersion "1"]
[SourceVersionDate "2018.11.04"]
[SourceQuality "1"]

1. d4 Nf6 2. c4 g6 3. Nc3 Bg7 4. e4 d6 5. Nf3 0-0 6. Be2 e5 7. d5 a5 8. 0-0 Na6 9. h3 Qe8 10. Be3 Nd7 11. Nd2 Ndc5 12. Nb3 Nxb3 13. Qxb3 f5 14. f3 f4 15. Bf2 g5 16. c5 Rf6 17. Rac1 Qh5 18. Kh2 Rh6 19. Rh1 Kh8 20. cxd6 cxd6 21. Qb6 Bf8 22. Qxa5 g4 23. fxg4 Bxg4 24. Qb5 f3 25. Bf1 fxg2 26. Bxg2 Bxh3 27. Kg1 Qg5 28. Qf1 Bxg2 0-1